000 00345nam a2200121Ia 4500
008 180205s9999 xx 000 0 und d
020 _a9781138654457
100 _aRodgers, Shelly
245 _cEsther, Thorson
_aDigital advertising :
_bTheory and research
250 _a3rd ed
260 _aNew york :
_bRoutledge
_c2017
300 _axi, 465 pages
999 _c354904
_d354904